Обзоры по основным направлениям развития отрасли. 1978, Вып.1: Швейная промышленность Италии (Запись № 3283687)

Подробности
000 -МАРКЕР
контрольное поле 01307nam2a22002531 4500
001 - ИДЕНТИФИКАТОР ЗАПИСИ
контрольное поле RU\NLR\INFOCOMM19\1000082088
005 - ИДЕНТИФИКАТОР ВЕРСИИ
контрольное поле 20250617114721.0
035 ## - ДРУГИЕ СИСТЕМНЫЕ НОМЕРА
Идентификатор записи (NLR Aleph) 002581960
100 ## - ДАННЫЕ ОБЩЕЙ ОБРАБОТКИ
Данные общей обработки 20040602d1978 |||y0rusy50 ca
101 0# - ЯЗЫК РЕСУРСА
Язык текста, звукозаписи и т.д. русский
102 ## - СТРАНА ПУБЛИКАЦИИ ИЛИ ПРОИЗВОДСТВА
Страна публикации Российская Федерация
105 ## - ПОЛЕ КОДИРОВАННЫХ ДАННЫХ: ТЕКСТОВЫЕ МАТЕРИАЛЫ, МОНОГРАФИЧЕСКИЕ
Кодированные данные о монографическом текстовом документе y |||||||||
200 1# - ЗАГЛАВИЕ И СВЕДЕНИЯ ОБ ОТВЕТСТВЕННОСТИ
Основное заглавие Швейная промышленность Италии
Первые сведения об ответственности Т.И. Куликова и др.
210 ## - ПУБЛИКАЦИЯ, РАСПРОСТРАНЕНИЕ И ДР.
Дата издания, распространения и т.д. 1978
Место издания, распространения и т.д. Б. м.
461 #0 - УРОВЕНЬ НАБОРА
Встроенное поле 001RU\NLR\INFOCOMM19\1000082074
-- 2001#$aОбзоры по основным направлениям развития отрасли$eОбзор. информ.$iСерия "Швейная промышленность"$fЦНИИ информ. и техн.-экон. исслед. лег. пром-сти$v1978, Вып.1
Системный номер (АБИС) связанной записи 3283565
Место публикации М.
Дата публикации 1976-
Первые сведения об ответственности ЦНИИ информ. и техн.-экон. исслед. лег. пром-сти
Заглавие части Серия "Швейная промышленность"
Сведения, относящиеся к заглавию Обзор. информ.
Заглавие Обзоры по основным направлениям развития отрасли
ISSN 0202-6279
Номер тома 1978, Вып.1
700 #1 - ИМЯ ЛИЦА - ПЕРВИЧНАЯ ОТВЕТСТВЕННОСТЬ
Начальный элемент ввода Куликова
Часть имени, кроме начального элемента ввода Т.И.
Код отношения Автор
801 #1 - ИСТОЧНИК ЗАПИСИ
Страна Российская Федерация
Организация InfoComm
Дата составления 20040602
801 #0 - ИСТОЧНИК ЗАПИСИ
Страна Российская Федерация
Организация NLR
Правила каталогизации PSBO
852 ## - МЕСТОНАХОЖДЕНИЕ И ШИФР ХРАНЕНИЯ
Идентификатор организации NLR
Шифр хранения (Call Number) П10/5175
942 ## - ДОПОЛНИТЕЛЬНЫЕ ЭЛЕМЕНТЫ ЗАПИСИ (АБИС)
Тип экземпляра АБИС Выпуск
980 ## - КОЛЛЕКЦИЯ
Название коллекции Национальная библиография
980 ## - КОЛЛЕКЦИЯ
Название коллекции Русская периодика

Нет доступных экземпляров.